<?xml version="1.0" encoding="UTF-8"?>
<collection xmlns="http://www.loc.gov/MARC21/slim">
  <record>
    <leader>00000nam  2200000   4500</leader>
    <controlfield tag="001">INLIS000000000003021</controlfield>
    <controlfield tag="005">20190408114016</controlfield>
    <datafield tag="035" ind1="#" ind2="#">
      <subfield code="a">0010-0718003021</subfield>
    </datafield>
    <controlfield tag="008">190408################g##########m#ind##</controlfield>
    <datafield tag="020" ind1="#" ind2="#">
      <subfield code="a">979931`6057</subfield>
    </datafield>
    <datafield tag="041" ind1=" " ind2=" ">
      <subfield code="a">id</subfield>
    </datafield>
    <datafield tag="082" ind1="#" ind2="#">
      <subfield code="a">133.3</subfield>
    </datafield>
    <datafield tag="090" ind1=" " ind2=" ">
      <subfield code="a">133.3 PRI</subfield>
    </datafield>
    <datafield tag="100" ind1=" " ind2="#">
      <subfield code="a">Nurita, Yeri</subfield>
    </datafield>
    <datafield tag="245" ind1="1" ind2="#">
      <subfield code="a">Primbon dalam naskah kuno koleksi perpustakaan nasional RI. /</subfield>
      <subfield code="c">Yeri Nurita</subfield>
    </datafield>
    <datafield tag="260" ind1="#" ind2="#">
      <subfield code="a">Jakarta :</subfield>
      <subfield code="b">Perpustakaan Nasional RI,</subfield>
      <subfield code="c">1999</subfield>
    </datafield>
    <datafield tag="300" ind1="#" ind2="#">
      <subfield code="a">v, 247 hlm. ;</subfield>
      <subfield code="c">22 cm</subfield>
    </datafield>
    <datafield tag="650" ind1=" " ind2="#">
      <subfield code="a">Para Psikologi</subfield>
    </datafield>
    <datafield tag="084" ind1="#" ind2="#">
      <subfield code="a">133.3 Nur p</subfield>
    </datafield>
    <datafield tag="250" ind1="#" ind2="#">
      <subfield code="a">Edisi Baru</subfield>
    </datafield>
    <datafield tag="520" ind1="#" ind2="#">
      <subfield code="a">Penerbitan buku yang mengambil bahan  dari naskah kuno koleksi Perpustakaan nasional RI, bertujuan untuk membantu masyarakat pembaca pada umumnya dan kalangan peneliti khususnya yang erat kaitannya dengan kebudayaan nusantara. Dalam hal ini perpustakaan Nasional RI, memandang perlu menerbitkan buku ini, karena salah satu fungsi perpustakaan adalah memberikan layanan informasi semaksimal mungkin kepada masyarakat. Bagaimanapun juga buku ini merupakan bentuk nyata keikutsertaan Perpustakaan Nasional RI, dalam mencerdaskan bangsa dan juga ikut melestarikan warisan budaya nenek moyang. Seperti telah diketahui bahwa naskah-naskah kuno koleksi Perpustakaan Nasional RI, sebagian besar telah berusia tua, dan kondisinya sebagian besar sangat memprihatinkan. Buku ini diharapkan dapat mewakili naskah asli yag telah digarap, dengan demikian keberadaan naskah asli akan terlindungi  walau untuk jangka waktu yang tidak lama, dari pada jika naskah-naskah asli yang sudah lapuk setiap hari masih harus disentuh tangan-tangan manusia untuk diteliti sehingga akan lebih epat rusak.</subfield>
    </datafield>
    <datafield tag="856" ind1="#" ind2="#">
      <subfield code="a">Perpustakaan Lembaga Administrasi Negara</subfield>
    </datafield>
    <datafield tag="990" ind1="#" ind2="#">
      <subfield code="a">99113886</subfield>
    </datafield>
    <datafield tag="990" ind1="#" ind2="#">
      <subfield code="a">99113886</subfield>
    </datafield>
  </record>
</collection>
